Eastern Utah Libraries Catalog: Duchesne, Heber, Roosevelt, & Vernal

Rin, Rin, Rin/Do, Re, Mi : Libro Ilustrado en Espanol e Ingles/A Picture Book in Spanish and English (Record no. 48942)

MARC details
000 -LEADER
fixed length control field 00689cam a2200205u 4500
005 - DATE AND TIME OF LATEST TRANSACTION
control field 20241220120953.0
008 - FIXED-LENGTH DATA ELEMENTS--GENERAL INFORMATION
fixed length control field 060426n xx# eng d
001 - CONTROL NUMBER
control field BK0006151098
020 ## - INTERNATIONAL STANDARD BOOK NUMBER
International Standard Book Number 9780439649414 : SAL
Terms of availability $16.95
020 ## - INTERNATIONAL STANDARD BOOK NUMBER
International Standard Book Number 0439649412 : SAL
Terms of availability $16.95
035 ## - SYSTEM CONTROL NUMBER
System control number (Sirsi) i9780439649414
040 ## - CATALOGING SOURCE
Original cataloging agency Baker & Taylor
Transcribing agency Baker & Taylor
Modifying agency Baker & Taylor
092 ## - LOCALLY ASSIGNED DEWEY CALL NUMBER (OCLC)
Classification number OROZCO
100 1# - MAIN ENTRY--PERSONAL NAME
Personal name Orozco, Jose Luis; Diaz, David (ILT)
9 (RLIN) 6175731
245 00 - TITLE STATEMENT
Title Rin, Rin, Rin/Do, Re, Mi : Libro Ilustrado en Espanol e Ingles/A Picture Book in Spanish and English
260 ## - PUBLICATION, DISTRIBUTION, ETC. (IMPRINT)
Name of publisher, distributor, etc Scholastic
600 10 - SUBJECT ADDED ENTRY--PERSONAL NAME
Personal name Orozco, Jose Luis; Diaz, David (ILT)
9 (RLIN) 6175731
942 ## - ADDED ENTRY ELEMENTS (KOHA)
Koha item type BOOK
998 ## - LOCAL CONTROL INFORMATION (RLIN)
-- a105253
Holdings
Withdrawn status Lost status Source of classification or shelving scheme Damaged status Not for loan Collection code Home library Current library Shelving location Date acquired Source of acquisition Cost, normal purchase price Total Checkouts Total Renewals Full call number Barcode Date last seen Date checked out Cost, replacement price Price effective from Koha item type
    Dewey Decimal Classification     Spanish Children NonFiction Wasatch County Library Wasatch County Library First Floor 07/07/2009 Amazon 15.95 11 1 E Música Orozco 34301000861478 03/10/2026 03/03/2026 15.95 03/20/2020 BOOK
This project was made possible through a grant from the Institute of Museum and Library Service administered by the Utah State Library Division.

Wasatch County Library

  • 465 East 1200 South, Heber City, Utah 84032
  • Phone 435-654-1511 | Fax 435-654-6456

Hours

  • Monday - Friday 9:30 AM - 8:00 PM
  • Saturday 9:30 AM - 1:30 PM
  • Closed Sundays and Holidays